Hľadanie rodného štýlu

Bibliographic Details
Main Author: Cincík, Jozef G., 1909-1992 (Author)
Other Authors: Baranovič, Štefan, 1938-2016 (Compiler)
Format: Book
Language:Slovak
PhysicalDescription:339 s. fotogr. 21 s.
Published: Martin Matica slovenská 2009
ISBN:9788070909096
Series:Slovenský svet
Subjects:

MARC

LEADER 00000cam a2200000 a 4500
001 vtls009522070
003 SK-MaSNL
005 20260425235452.0
008 240315s2009 xo o g 000 0bslo
015 |a SNBA2009/05-02670 
020 |a 9788070909096  |q (viaz) 
035 |a AA885E5E-28A9-4270-BA3F-2A4A298D2EE3 
035 |a urn:nbn:sk:snk-amk0u9 
035 |a urn:nbn:sk:snk-am0088gj 
040 |a SNK  |b slo  |c SNK  |e AACR2 
041 0 |a slo 
043 |a e-xo--- 
044 |a xo  |c SK 
072 7 |a 7.01/.09  |x Umenie  |2 konspekt 
072 7 |a 929  |x Biografie  |2 konspekt 
080 |a 7.072.2  |2 2001 
080 |a (437.6)  |2 2001 
080 |a (092)  |2 2001 
080 |a 72/76.071.1  |2 2001 
100 1 |a Cincík, Jozef G.,  |d 1909-1992  |4 aut  |9 25331 
245 1 0 |a Hľadanie rodného štýlu  |c Jozef G. Cincík ; na vydanie pripravil Štefan Baranovič 
260 |a Martin  |b Matica slovenská  |c 2009 
300 |a 339 s.  |b fotogr.  |c 21 s. 
490 1 |a Slovenský svet 
500 |a Výberová bibliogr. 
504 |a Pozn. Pozn. edit. 
600 1 7 |a Cincík, Jozef G.,  |d 1909-1992  |2 SNKMA  |9 25331 
648 7 |a 20. stor.  |2 SNKPH  |9 275975 
650 0 7 |a historici umenia  |2 SNKPH  |9 101983 
650 0 7 |a výtvarníci  |2 SNKPH  |9 118705 
651 7 |a Slovensko  |2 SNKPH  |9 14231 
655 7 |a biografie  |2 SNKPH  |9 27965 
700 1 |a Baranovič, Štefan,  |d 1938-2016  |4 com  |9 111615 
830 0 |a Slovenský svet  |9 301818 
919 |a 978-80-7090-909-6 
958 |a BX 
958 |a OND 
999 |c 830441  |d 832371 
952 |a SNK  |b SNK  |y PREZ  |7 0  |p 17A0623594  |o snkSC 136023  |i snk2009/10642  |8 0  |0 0  |1 0  |4 0  |d 2009-06-11  |l 0  |r 2025-07-02 00:00:00  |w 2026-02-24 
952 |a SNK  |b SNK  |y VYP  |7 0  |p 17A0623593  |o snkSC 136023 D1  |i snk2009/10643  |8 0  |0 0  |1 0  |4 0  |d 2009-06-11  |f 1  |l 0  |r 2026-02-24 03:36:09  |w 2026-02-24